00301nam a2200121Ia 4500008004100000041000900041082001800050100002100068245002900089260004400118300000900162650000800171230718s9999 xx 000 0 und d aEng. a340.03bSAM-O aSames Catherine  0aOxford English Dictining aPakistanbOxford University pressc2004 a1708 aLaw